Seahawks Quiz - Statistics

General Stats
  • This quiz has been taken 871 times
    869 since last reset
  • The average score is 9 of 15
Answer Stats
Hint Answer % Correct
How many Superbowl have the Seahawks won 1
90%
Superbowl Winning Year 2014
86%
Who did they beat in the Superbowl Broncos
84%
What conference Do the Seahawks play in NFC
84%
Current Coach Pete Carroll
78%
Where are the Seahawks located Seattle
77%
Starting QB Russell Wilson
73%
Stadium centurylink
69%
Current Running Back Marshawn Lynch
69%
What year was the their first Superbowl apperance 2005
63%
What was the first year of Seahawks Football 1976
54%
What is the name of the Seahawks Mascot Blitz
46%
Back up Running Back Robert Turbin
29%
What player was recently put in the Hall Of Fame from the Seahawks Walter Jones
28%
Who was the QuaterBack before Russell Wilson Tavaris Jackson
18%
No matching quizzes found
Score Distribution
Percent of People with Each Score
Percentile by Number Answered
Your Score History
You have not taken this quiz since the last reset